000 00585nam a22002177a 4500
003 UA-OsUOA
001 88205
007 ta
008 20121002b un ||||| |||| 00| 0 ukr d
090 _a347.96
_bР 85
942 _cBK
040 _aUA-OsUOA
_brus
_cUA-OsUOA
_dUA-OsUOA
245 _aРуководство для прокуроров по общему наздору
_cМаляров М.П.
300 _a207 с.
955 _a4
041 _arus
080 _a347.96
260 _aМ.
_bЮридическая литература
_c1975
650 7 _2UDC
999 _c374631
_d374631